Loading...
Sthree Oru Katamkatha
| Main Author: | |
|---|---|
| Format: | Printed Book |
| Language: | Malayalam |
| Published: |
B.K.M. Bk Depot, Chambakkulam
B.K.M. Bk Depot, Chambakkulam
1976
|
| LEADER | 00476nam a2200133Ia 4500 | ||
|---|---|---|---|
| 008 | 111205s9999 xx 000 0 mal d | ||
| 082 | |a 852 SAN/M | ||
| 100 | |a Gorkkey ,Maxim | ||
| 245 | |a Sthree Oru Katamkatha |c Gorkkey ,Maxim | ||
| 260 | |b B.K.M. Bk Depot, Chambakkulam |a B.K.M. Bk Depot, Chambakkulam |c 1976 | ||
| 300 | |a 120 | ||
| 942 | |c BK | ||
| 999 | |c 203620 |d 203620 | ||
| 952 | |0 0 |1 0 |2 ddc |4 0 |6 S_9R5 |7 0 |9 225296 |a MAL |b MAL |c SEC |d 1980-03-26 |g 4.00 |l 0 |o S9R5 |p MAL14315 |r 2011-12-05 |v 4.00 |w 2011-12-05 |y BK | ||